De quelle guerre parle ce film ? - Click - Statistiques

Statistiques générales
  • Ce quiz a été pris 31 fois
  • Le résultat moyen est 11 sur 27
Statistiques - réponses
Hint Réponse % Correct
La Passion de Jeanne d'Arc Guerre de Cent Ans
83%
Apocalypse Now Guerre du Vietnam
76%
Full Metal Jacket Guerre du Vietnam
72%
Henry V Guerre de Cent Ans
66%
Platoon Guerre du Vietnam
66%
Les Sentiers de la gloire Première Guerre mondiale
66%
La Chute Seconde Guerre mondiale
66%
Naissance d'une nation Guerre de Sécession
59%
American Sniper Guerre d'Irak
48%
Guerre et Paix Guerres napoléoniennes
48%
L'Armée des ombres Seconde Guerre mondiale
48%
À la poursuite d'Octobre rouge Guerre Froide
41%
Le Dernier Duel Guerre de Cent Ans
38%
Démineurs Guerre d'Irak
38%
Jarhead : La Fin de l'innocence Guerre du Golfe
34%
La Grande Illusion Première Guerre mondiale
34%
La Ligne rouge Seconde Guerre mondiale
34%
À l'épreuve du feu Guerre du Golfe
28%
Les Duellistes Guerres napoléoniennes
28%
Le Retour du héros Guerres napoléoniennes
24%
Le mécano de la Générale Guerre de Sécession
21%
Glory Guerre de Sécession
21%
Green Zone Guerre d'Irak
17%
Docteur Folamour Guerre Froide
17%
Le Rideau déchiré Guerre Froide
17%
Leçons de ténèbre Guerre du Golfe
14%
Johnny s'en va-t-en guerre Première Guerre mondiale
14%
Aucun quiz correspondant
Distribution des résultats
% des personnes avec chaque résultat
Percentile par nombre de réponses
Votre historique - résultats
Vous n’avez pas pris ce quiz